Päijät-Häme - Kartta Visa - Statistics

Yleistilastot
  • Tätä visaa on pelattu 150 kertaa
  • Keskiarvotulos 7 / 10
Vastaukset kartalla
Vastauksille on annettu kartalla punavihreä väri sen mukaan, kuinka moni on saanut sen oikein.
 
Vastaustilastot
Vastaus % Oikein
Lahti
81%
Iitti
70%
Orimattila
70%
Heinola
67%
Hollola
64%
Hartola
61%
Sysmä
61%
Asikkala
60%
Kärkölä
60%
Padasjoki
57%
Ehtoja vastaavia visoja ei löytynyt
Tulosjakauma
Jokaisen tuloksen saaneiden osuus
Persentiili vastausten määrän mukaan
Tuloshistoriasi
Et ole pelannut tätä visaa